Povedz mi ako? /
Uložené v:
| Hlavný autor: | |
|---|---|
| Ďalší autori: | , |
| Médium: | Kniha |
| Jazyk: | Slovak French |
| Vydané: |
Bratislava :
Ikar,
2014.
|
| Vydanie: | 1. vyd. |
| Témy: | |
| ISBN: |
9788055137681 (viaz.) |
| Fyzický popis: |
107 s., [3] l. samolepiek : il. ; 21 cm. |
| Tagy: |
Pridať tag
Žiadne tagy, Buďte prvý kto otaguje tento záznam!
|
Titul je dostupný aj v ... 

MARC
| LEADER | 00000nam a2200000 a 4500 | ||
|---|---|---|---|
| 001 | 000453045 | ||
| 005 | 20140920164932.0 | ||
| 008 | 140428s2014 xo a e 001 0 slo d | ||
| 020 | |a 9788055137681 (viaz.) | ||
| 040 | |a SVKKK |b slo |c SVKKK |e AACR2 | ||
| 041 | 1 | |a slo |h fre | |
| 044 | |a xo |c SK | ||
| 072 | 7 | |a 00 |x Veda. Všeobecnosti. Základy vedy a kultúry. Vedecká práca |2 konspekt | |
| 072 | 7 | |a 0/9-053.2 |x Literatúra pre deti a mládež (náučná) |2 konspekt | |
| 080 | |a 0/9 |2 2001 | ||
| 080 | |a (0.053.2) |2 2001 | ||
| 100 | 1 | |a Fougère, Isabelle | |
| 240 | 1 | 0 | |a Dis-moi comment? |l Slovensky |
| 245 | 1 | 0 | |a Povedz mi ako? / |c Isabelle Fougèrová ; [z francúzskeho originálu preložila Alica Wursterová ; ilustrácie Julien Akita ... [et al.]]. |
| 250 | |a 1. vyd. | ||
| 260 | |a Bratislava : |b Ikar, |c 2014. | ||
| 300 | |a 107 s., [3] l. samolepiek : |b il. ; |c 21 cm. | ||
| 500 | |a Preklad z franc. orig. | ||
| 500 | |a Údaj o prekl. a il. prevzatý z rubu obalu | ||
| 500 | |a Obalový názov | ||
| 500 | |a Hrebeňová väzba | ||
| 504 | |a Register: s. [108-110] | ||
| 521 | 1 | |a Pre deti od 3 rokov | |
| 650 | 0 | 7 | |a všeobecnosti a zaujímavosti |2 SVKKKPH |
| 650 | 0 | 7 | |a všeobecné vedomosti |2 SVKKKPH |
| 655 | 7 | |a publikácie pre deti |2 SVKKKPH | |
| 700 | 1 | |a Wursterová, Alica, |d 1949- |4 trl | |
| 700 | 1 | |a Akita, Julie |4 ill | |
| 765 | 0 | |t Dis-moi comment? Slovensky |a Fougère, Isabelle | |
| 910 | |a svkkk | ||
| 919 | |a 978-80-551-3768-1 | ||
| 998 | |a BK | ||
| 090 | |g SCKHL |k Sklad Hlavná 10 prízemie |a III.229855 |j 1056033 |i 2720328062 |s Povinný výt. | ||